000 00545cam a22002172a 4500
001 010984
003 AR-FADEU
008 311216n1986####xxu####################dd
020 _a0-333-42747-5
092 _a808.831
_bI35
245 _aIN the teeth of the evidence and other stories
260 _aLondon
260 _bMacmillan
260 _c1986
300 _a118 p
440 _aAdvanced readers
700 _aMary, Jones-Parry, ed.
650 _a/LITERATURA/CUENTO; SHORT STORIES/REVISADO/
546 _aInglés
942 _cBDGR
999 _c16766
_d16766